Anita Desai Aspirational and Realization/ (Record no. 196751)

MARC details
000 -LEADER
fixed length control field 00537nam a22001817a 4500
005 - DATE AND TIME OF LATEST TRANSACTION
control field 20230725120013.0
010 ## - LCCN (DPL NO)
LC control number ENG-137576
020 ## - INTERNATIONAL STANDARD BOOK NUMBER
Terms of availability 700.00
International Standard Book Number 9788170546054
035 ## - SYSTEM CONTROL NUMBER
System control number EN-121108
037 ## - SOURCE OF ACQUISITION
Source of stock number/acquisition DBAD/PUB
082 ## - DEWEY DECIMAL CLASSIFICATION NUMBER
Classification number 920
100 ## - MAIN ENTRY--PERSONAL NAME
Personal name Verma, Priti
245 00 - TITLE STATEMENT
Title Anita Desai Aspirational and Realization/
Statement of responsibility, etc by Priiti Verma
260 ## - PUBLICATION, DISTRIBUTION, ETC. (IMPRINT)
Place of publication, distribution, etc New Delhi
Name of publisher, distributor, etc Classical Publishing Company
Date of publication, distribution, etc 2012
270 ## - ADDRESS
Address 28, Shopping Centre, Karampura
City Delhi
Postal code 110015
300 ## - PHYSICAL DESCRIPTION
Extent 269p.
Dimensions 22cm(hb)
942 ## - ADDED ENTRY ELEMENTS (KOHA)
Source of classification or shelving scheme Dewey Decimal Classification
Item type English Books
Call number suffix VER
Classification part 920
Holdings
Withdrawn status Lost status Not for loan Collection code Home library Current library Date acquired Source of acquisition Cost, normal purchase price Full call number Barcode Copy number Cost, replacement price Koha item type
      Non-fiction Vinoba Puri Vinoba Puri 25/07/2023 DBAD/PUB 700.00 920 VER EN-121108 1 700.00 English Books

© Delhi Public Library
Hit Counter
free hit counter